000 00850nam a2200277 i 4500
003 DO-SdBNP
005 20251030083344.0
007 ta
008 130430s19841990dr 000 0 spa d
040 _aDO-SdBNP
_bspa
_cBNPHU
_erda
041 _aspa
082 4 _aRD863.44
_bB171c 1990
_222
100 1 _a Balaguer, Joaquín,
_d1906-2002
_eautor
_4aut.
_976556
245 1 4 _aLos carpinteros /
_cJoaquín Balaguer.
250 _aNovena edición
264 1 _aSanto Domingo :
_bCorripio,
_c1990
300 _a431 páginas ;
_c23 cm.
336 _atexto
_btxt
_2rdacontent
337 _asin mediación
_bn
_2rdamedia
338 _avolumen
_bnc
_2rdacarrier
590 _aInventariado, 2022/ YL
650 4 _aNovela dominicana
_9223
650 4 _aLiteratura dominicana
_978377
910 _aYLockward. Validado. Control de calidad/MAA
942 _2ddc
_cLBS1
999 _c52782
_d52782